000 00747nam a2200241Ia 4500
999 _c35658
_d35658
001 1531
003 GE_BSU
005 20211130110822.0
008 181216s2006ru xx |||||||||||||| ||rus||
020 _a5947232499
040 _cGE_BSU
080 _a658.1 М-29
100 _aМартин, П.
_913107
245 _aУправление проектами /
_cМартин П., Тейт К.
264 _aПитер :
_bСПБ :
_c2006.
300 _a224 стр.
653 _aМенеджмент
653 _aმენეჯმენტი
653 _aУправление проектами
653 _aბიზნესი. ეკონომიკა
700 _aТейт, К.
_eავტორი
_913108
942 _cBK
_2udc